Formula 1 winners at the Chinese Grand Prix - Statistics

General Stats
  • This quiz has been taken 132 times
  • The average score is 15 of 16
Answer Stats
Year Driver % Correct
2008 Lewis Hamilton
100%
2011 Lewis Hamilton
100%
2014 Lewis Hamilton
100%
2015 Lewis Hamilton
100%
2017 Lewis Hamilton
100%
2019 Lewis Hamilton
100%
2006 Michael Schumacher
99%
2005 Fernando Alonso
97%
2013 Fernando Alonso
97%
2012 Nico Rosberg
97%
2016 Nico Rosberg
97%
2009 Sebastian Vettel
97%
2010 Jenson Button
95%
2007 Kimi Raikkonen
94%
2018 Daniel Ricciardo
90%
2004 Rubens Barrichello
83%
No matching quizzes found
Score Distribution
Percent of People with Each Score
Percentile by Number Answered
Your Score History
You have not taken this quiz